000 00403nam a22001457a 4500
999 _c7785
_d7783
005 20210326102002.0
008 210326b ||||| |||| 00| 0 eng d
082 _a346.066
100 _aAIYAR, A.N.
_96466
245 _aCOMPANY CASES :THE CORPORATE LAW WEEKLY [VOL-168]
260 _aCHENNAI
_bCOMPANY LAW INSTITUTE OF INDIA PVT.LTD.
_c2011
300 _a552,i-xx;p
650 _aLAW
_95701
942 _cJRL